[Event "HUN-chT2 Erkel 1819"]
[Site "Hungary"]
[Date "2019.03.31"]
[Round "8.3"]
[White "Toth Katona, Tamas"]
[Black "Egyed, Andras"]
[Result "1/2-1/2"]
[WhiteElo "2074"]
[BlackElo "2240"]
[PlyCount "26"]
[EventDate "2018.10.28"]
[EventType "team-tourn"]
[EventRounds "9"]
[EventCountry "HUN"]
[SourceTitle "EXT 2021"]
[Source "ChessBase"]
[SourceDate "2020.10.23"]
[SourceVersion "1"]
[SourceVersionDate "2020.10.23"]
[SourceQuality "1"]
[WhiteTeam "Budapest MTK II"]
[BlackTeam "Gyongyos Energia"]
[WhiteTeamCountry "HUN"]
[BlackTeamCountry "HUN"]

1. e4 e6 2. d3 d5 3. Nd2 c5 4. Ngf3 Nc6 5. g3 b6 6. Bg2 Bb7 7. 0-0 Nf6 8. Qe2 Be7 9. e5 Nd7 10. Re1 h6 11. Nf1 Qc7 12. a4 Rc8 13. Bd2 a5 1/2-1/2

[Event "HUN-chT2 Erkel 1819"]
[Site "Hungary"]
[Date "2019.03.10"]
[Round "7.3"]
[White "Szepes, Tamas"]
[Black "Egyed, Andras"]
[Result "1/2-1/2"]
[WhiteElo "2178"]
[BlackElo "2240"]
[PlyCount "59"]
[EventDate "2018.10.28"]
[EventType "team-tourn"]
[EventRounds "9"]
[EventCountry "HUN"]
[SourceTitle "EXT 2021"]
[Source "ChessBase"]
[SourceDate "2020.10.23"]
[SourceVersion "1"]
[SourceVersionDate "2020.10.23"]
[SourceQuality "1"]
[WhiteTeam "Pestszentlorinc"]
[BlackTeam "Gyongyos Energia"]
[WhiteTeamCountry "HUN"]
[BlackTeamCountry "HUN"]

1. d4 d5 2. c4 dxc4 3. e3 e6 4. Bxc4 Nf6 5. Nf3 c5 6. 0-0 cxd4 7. exd4 Be7 8. Bf4 0-0 9. Nc3 Nbd7 10. Nb5 Ne8 11. d5 exd5 12. Qxd5 a6 13. Nc3 Nef6 14. Qd1 Nb6 15. Qxd8 Rxd8 16. Bb3 Nbd5 17. Rfe1 Kf8 18. Nxd5 Nxd5 19. Bg5 Bxg5 20. Nxg5 h6 21. Rad1 hxg5 22. Bxd5 Rb8 23. f3 b6 24. Kf2 f6 25. Kg3 a5 26. Bb3 Bf5 27. Rc1 Rbc8 28. Red1 Rxd1 29. Rxd1 Ke7 30. f4 1/2-1/2

[Event "HUN-chT2 Erkel 1819"]
[Site "Hungary"]
[Date "2019.02.10"]
[Round "5.3"]
[White "Tornai, Imre"]
[Black "Egyed, Andras"]
[Result "1/2-1/2"]
[WhiteElo "2100"]
[BlackElo "2240"]
[PlyCount "83"]
[EventDate "2018.10.28"]
[EventType "team-tourn"]
[EventRounds "9"]
[EventCountry "HUN"]
[SourceTitle "EXT 2021"]
[Source "ChessBase"]
[SourceDate "2020.10.23"]
[SourceVersion "1"]
[SourceVersionDate "2020.10.23"]
[SourceQuality "1"]
[WhiteTeam "Vac"]
[BlackTeam "Gyongyos Energia"]
[WhiteTeamCountry "HUN"]
[BlackTeamCountry "HUN"]

1. d4 Nf6 2. c4 e6 3. Nf3 b6 4. g3 Bb7 5. Bg2 Be7 6. 0-0 0-0 7. Nc3 Ne4 8. Bd2 Nxc3 9. Bxc3 Be4 10. b4 c6 11. Nd2 Bxg2 12. Kxg2 d5 13. c5 a5 14. a3 axb4 15. axb4 Na6 16. Nf3 Bf6 17. Qd3 Nc7 18. Rxa8 Qxa8 19. Ra1 Qb7 20. cxb6 Qxb6 21. Ra5 Nb5 22. Ne5 Bxe5 23. dxe5 Nxc3 24. Qxc3 Rb8 25. Rc5 Qxb4 26. Qxb4 Rxb4 27. Rxc6 g5 28. f3 h5 29. h3 Kg7 30. Rc7 Kg6 31. Kf2 Rb8 32. Ra7 Rf8 33. g4 h4 34. Ra2 Rb8 35. Rd2 Rb1 36. Kg2 Rb4 37. Kf2 Rc4 38. Ke3 Rc8 39. Kf2 Rc3 40. Ra2 Rb3 41. Ra6 Rb2 42. Rd6 1/2-1/2

[Event "HUN-chT2 Erkel 1819"]
[Site "Hungary"]
[Date "2018.11.18"]
[Round "2.4"]
[White "Gombocz, Zsolt"]
[Black "Egyed, Andras"]
[Result "0-1"]
[WhiteElo "2085"]
[BlackElo "2240"]
[PlyCount "84"]
[EventDate "2018.10.28"]
[EventType "team-tourn"]
[EventRounds "9"]
[EventCountry "HUN"]
[SourceTitle "EXT 2021"]
[Source "ChessBase"]
[SourceDate "2020.10.23"]
[SourceVersion "1"]
[SourceVersionDate "2020.10.23"]
[SourceQuality "1"]
[WhiteTeam "Varosgazda Akademia"]
[BlackTeam "Gyongyos Energia"]
[WhiteTeamCountry "HUN"]
[BlackTeamCountry "HUN"]

1. d4 d5 2. c4 dxc4 3. e3 Nf6 4. Bxc4 e6 5. Nf3 a6 6. a3 b5 7. Be2 c5 8. dxc5 Qxd1+ 9. Bxd1 Bxc5 10. b4 Be7 11. Be2 Bb7 12. Bb2 Nbd7 13. 0-0 0-0 14. Nbd2 Rac8 15. Rac1 Nb6 16. Bd4 Nfd7 17. Ne5 Nxe5 18. Bxe5 f6 19. Bd4 Nd7 20. Bg4 Kf7 21. Bf3 Bxf3 22. gxf3 e5 23. Ba7 Rxc1 24. Rxc1 Ra8 25. Rc7 Ke8 26. Bc5 Kd8 27. Rc6 Nxc5 28. bxc5 Kd7 29. Rb6 Kc7 30. f4 Bxc5 31. Re6 exf4 32. exf4 Bxa3 33. f5 Bd6 34. Nb3 a5 35. Nd4 Rb8 36. Re2 Be5 37. Ne6+ Kd6 38. Rc2 b4 39. f4 Bc3 40. Kg2 b3 41. Rxc3 b2 42. Rd3+ Ke7 0-1

[Event "HUN-chT2 Erkel 1718"]
[Site "Hungary"]
[Date "2018.03.04"]
[Round "9.1"]
[White "Egyed, Andras"]
[Black "Juracsik, Jozsef"]
[Result "1-0"]
[WhiteElo "2227"]
[BlackElo "2102"]
[PlyCount "81"]
[EventDate "2017.09.24"]
[EventType "team-tourn"]
[EventRounds "11"]
[EventCountry "HUN"]
[SourceTitle "EXT 2021"]
[Source "ChessBase"]
[SourceDate "2020.10.23"]
[SourceVersion "1"]
[SourceVersionDate "2020.10.23"]
[SourceQuality "1"]
[WhiteTeam "Salgotarjan"]
[BlackTeam "Andornaktalya"]
[WhiteTeamCountry "HUN"]
[BlackTeamCountry "HUN"]

1. d4 Nf6 2. Nf3 g6 3. g3 Bg7 4. Bg2 0-0 5. 0-0 d6 6. b3 c5 7. Bb2 cxd4 8. Nxd4 a6 9. c4 Qc7 10. Nc3 e6 11. Qd2 Bd7 12. Rfd1 Rd8 13. Rac1 Nc6 14. Nd5 exd5 15. cxd5 Nxd5 16. Bxd5 Be8 17. Nxc6 bxc6 18. Bxg7 Kxg7 19. Bxc6 Bxc6 20. Qc2 Kg8 21. Qxc6 Qe7 22. e3 a5 23. Rc4 Rac8 24. Qd5 Rxc4 25. Qxc4 Qb7 26. Qd5 Qc7 27. Kg2 h5 28. Rd4 Qb6 29. h4 Qc7 30. Ra4 Re8 31. Rxa5 Re5 32. Qa8+ Kg7 33. Rxe5 dxe5 34. e4 Qc3 35. Qd5 f5 36. exf5 gxf5 37. Qf3 Qc2 38. a4 Kg6 39. a5 e4 40. Qe3 Kf6 41. a6 1-0

[Event "HUN-chT2 Erkel 1718"]
[Site "Hungary"]
[Date "2018.01.28"]
[Round "7.2"]
[White "Nogrady, Vilmos"]
[Black "Egyed, Andras"]
[Result "1/2-1/2"]
[WhiteElo "2143"]
[BlackElo "2227"]
[PlyCount "24"]
[EventDate "2017.09.24"]
[EventType "team-tourn"]
[EventRounds "11"]
[EventCountry "HUN"]
[SourceTitle "EXT 2021"]
[Source "ChessBase"]
[SourceDate "2020.10.23"]
[SourceVersion "1"]
[SourceVersionDate "2020.10.23"]
[SourceQuality "1"]
[WhiteTeam "Fot"]
[BlackTeam "Salgotarjan"]
[WhiteTeamCountry "HUN"]
[BlackTeamCountry "HUN"]

1. e4 e6 2. d4 d5 3. Nc3 dxe4 4. Nxe4 Bd7 5. Nf3 Bc6 6. Bd3 Bxe4 7. Bxe4 c6 8. 0-0 Nf6 9. Bd3 Be7 10. b3 0-0 11. Bb2 Nbd7 12. c4 Re8 1/2-1/2

[Event "HUN-chT2 Erkel 1718"]
[Site "Hungary"]
[Date "2017.12.03"]
[Round "5.2"]
[White "Molnar, Jozsef2222"]
[Black "Egyed, Andras"]
[Result "0-1"]
[WhiteElo "2126"]
[BlackElo "2227"]
[PlyCount "124"]
[EventDate "2017.09.24"]
[EventType "team-tourn"]
[EventRounds "11"]
[EventCountry "HUN"]
[SourceTitle "EXT 2021"]
[Source "ChessBase"]
[SourceDate "2020.10.23"]
[SourceVersion "1"]
[SourceVersionDate "2020.10.23"]
[SourceQuality "1"]
[WhiteTeam "Budapest MTK II"]
[BlackTeam "Salgotarjan"]
[WhiteTeamCountry "HUN"]
[BlackTeamCountry "HUN"]

1. e4 e6 2. d4 d5 3. Nd2 dxe4 4. Nxe4 Bd7 5. Nf3 Bc6 6. Bd3 Nd7 7. 0-0 Ngf6 8. Qe2 Be7 9. Neg5 Bxf3 10. Qxf3 c6 11. Qh3 Nf8 12. Re1 Qxd4 13. Be3 Qg4 14. Rad1 Qxh3 15. Nxh3 N8d7 16. Ng5 Bc5 17. Bf4 a5 18. c3 h6 19. Nf3 0-0 20. h3 Rfd8 21. Bc7 Re8 22. Bb1 Nd5 23. c4 N5f6 24. Ne5 Nf8 25. Nd3 Bd4 26. b3 Rec8 27. Bd6 Rd8 28. Bg3 Ng6 29. Nf4 Nxf4 30. Bxf4 Bb6 31. a4 Ne8 32. Kf1 Kf8 33. Ke2 Ke7 34. Bc1 Bc5 35. Bf4 Rxd1 36. Rxd1 Rd8 37. Rxd8 Kxd8 38. Bd2 b6 39. Bc3 Be7 40. Bd4 c5 41. Be5 Bf6 42. Bg3 Bd4 43. Be4 Kd7 44. Bc2 Nf6 45. Bb1 Ng8 46. Be4 Ne7 47. Bf4 f5 48. Bb1 e5 49. Bd2 Ke6 50. Bc1 h5 51. Bg5 Nc6 52. f3 Ba1 53. Be3 Nd4+ 54. Bxd4 cxd4 55. Bc2 Bc3 56. Kd3 h4 57. Ke2 Kf6 58. Kf2 Kg5 59. Bd1 Kf4 60. Be2 Bb4 61. Bd1 d3 62. Kf1 Ke3 0-1

[Event "HUN-chT2 Erkel 1617"]
[Site "Hungary"]
[Date "2017.02.26"]
[Round "9.2"]
[White "Egyed, Andras"]
[Black "Torok, Tamas Titusz"]
[Result "1/2-1/2"]
[WhiteElo "2247"]
[BlackElo "2132"]
[PlyCount "84"]
[EventDate "2016.09.25"]
[EventType "team-tourn"]
[EventRounds "11"]
[EventCountry "HUN"]
[SourceTitle "EXT 2021"]
[Source "ChessBase"]
[SourceDate "2020.10.23"]
[SourceVersion "1"]
[SourceVersionDate "2020.10.23"]
[SourceQuality "1"]
[WhiteTeam "Salgotarjan"]
[BlackTeam "Pestszentlorinc"]
[WhiteTeamCountry "HUN"]
[BlackTeamCountry "HUN"]

1. Nf3 Nc6 2. d4 d5 3. Bf4 Bg4 4. Nbd2 e6 5. h3 Bh5 6. e3 Bd6 7. Bxd6 cxd6 8. c3 Nf6 9. Bd3 0-0 10. 0-0 e5 11. Be2 Qb6 12. g4 Bg6 13. Qb3 Qc7 14. Nh4 Na5 15. Qd1 e4 16. Nxg6 hxg6 17. f4 exf3 18. Bxf3 Rfe8 19. g5 Ne4 20. Bxe4 dxe4 21. Rf4 Nc4 22. Nxc4 Qxc4 23. Qb3 Qe6 24. Qxe6 Rxe6 25. c4 f5 26. gxf6 Rxf6 27. Raf1 Raf8 28. R4f2 Rf5 29. Kg2 R8f6 30. h4 Kf7 31. Kg3 Ra5 32. b3 b5 33. cxb5 Rxb5 34. Rf4 g5 35. Rxf6+ gxf6 36. hxg5 Rxg5+ 37. Kf4 d5 38. Rc1 Rg2 39. Rc7+ Kg6 40. Rxa7 Rf2+ 41. Kg4 Rg2+ 42. Kf4 Rf2+ 1/2-1/2

[Event "HUN-chT2 Erkel 1617"]
[Site "Hungary"]
[Date "2016.10.09"]
[Round "2.2"]
[White "Egyed, Andras"]
[Black "Szalanczy, Emil"]
[Result "1/2-1/2"]
[WhiteElo "2247"]
[BlackElo "2202"]
[PlyCount "78"]
[EventDate "2016.09.25"]
[EventType "team-tourn"]
[EventRounds "11"]
[EventCountry "HUN"]
[SourceTitle "EXT 2021"]
[Source "ChessBase"]
[SourceDate "2020.10.23"]
[SourceVersion "1"]
[SourceVersionDate "2020.10.23"]
[SourceQuality "1"]
[WhiteTeam "Salgotarjan"]
[BlackTeam "Szigetszentmiklos"]
[WhiteTeamCountry "HUN"]
[BlackTeamCountry "HUN"]

1. d4 Nf6 2. Nf3 g6 3. g3 Bg7 4. Bg2 c5 5. c3 0-0 6. 0-0 d6 7. dxc5 dxc5 8. Qxd8 Rxd8 9. Be3 Na6 10. Na3 Ng4 11. Bg5 f6 12. Bc1 Be6 13. h3 Nh6 14. Ne1 Bd5 15. Bxd5+ Rxd5 16. e4 Rd7 17. Nb5 Rad8 18. Be3 Nf7 19. Nf3 Nd6 20. Nxd6 Rxd6 21. Rfe1 b6 22. Kf1 c4 23. Ke2 e5 24. g4 Bf8 25. b4 Nc7 26. a4 Ne6 27. Red1 Rd3 28. Rac1 a5 29. Ne1 Rxd1 30. Rxd1 Ra8 31. b5 Bc5 32. Bc1 Ra7 33. Ng2 Kf7 34. h4 Ke8 35. Kf3 Rf7 36. Ne3 Rc7 37. Nd5 Rf7 38. Ne3 Rc7 39. Nd5 Rf7 1/2-1/2

[Event "HUN-chT2 Erkel 1516"]
[Site "Hungary"]
[Date "2016.04.03"]
[Round "10.2"]
[White "Franchini, Gabriele"]
[Black "Egyed, Andras"]
[Result "1-0"]
[WhiteElo "2193"]
[BlackElo "2249"]
[PlyCount "53"]
[EventDate "2015.09.13"]
[EventType "team-tourn"]
[EventRounds "11"]
[EventCountry "HUN"]
[SourceTitle "EXT 2017"]
[Source "ChessBase"]
[SourceDate "2016.10.25"]
[SourceVersion "1"]
[SourceVersionDate "2016.10.25"]
[SourceQuality "1"]
[WhiteTeam "MAFC"]
[BlackTeam "Salgotarjan"]
[WhiteTeamCountry "HUN"]
[BlackTeamCountry "HUN"]

1. e4 e6 2. d4 d5 3. Nc3 dxe4 4. Nxe4 Bd7 5. Nf3 Bc6 6. Bd3 Nd7 7. 0-0 Ngf6 8. Ng3 Be7 9. b3 0-0 10. Bb2 Re8 11. c4 Bxf3 12. Qxf3 c6 13. Rad1 Qc7 14. Rfe1 Rad8 15. d5 cxd5 16. cxd5 exd5 17. Bb5 a6 18. Nf5 Bf8 19. Nh6+ gxh6 20. Bxd7 Rxe1+ 21. Rxe1 Bg7 22. Bxf6 Bxf6 23. Qxf6 d4 24. Qxd8+ Qxd8 25. Re8+ Qxe8 26. Bxe8 d3 27. Kf1 1-0

[Event "HUN-chT2 Erkel 1516"]
[Site "Hungary"]
[Date "2016.03.20"]
[Round "9.1"]
[White "Bandy, Attila"]
[Black "Egyed, Andras"]
[Result "0-1"]
[WhiteElo "2348"]
[BlackElo "2249"]
[PlyCount "146"]
[EventDate "2015.09.13"]
[EventType "team-tourn"]
[EventRounds "11"]
[EventCountry "HUN"]
[SourceTitle "EXT 2017"]
[Source "ChessBase"]
[SourceDate "2016.10.25"]
[SourceVersion "1"]
[SourceVersionDate "2016.10.25"]
[SourceQuality "1"]
[WhiteTeam "GSBE"]
[BlackTeam "Salgotarjan"]
[WhiteTeamCountry "HUN"]
[BlackTeamCountry "HUN"]

1. d4 d5 2. Nf3 Bf5 3. c4 c6 4. Nc3 e6 5. Qb3 Qc8 6. Bf4 Nf6 7. Rc1 dxc4 8. Qxc4 Qd8 9. e3 Be7 10. Bxb8 Rxb8 11. Bd3 Bxd3 12. Qxd3 0-0 13. 0-0 c5 14. Rfd1 cxd4 15. Qxd4 Qxd4 16. Rxd4 Rfd8 17. Rcd1 a6 18. Kf1 Kf8 19. Ke2 Ke8 20. h3 Rxd4 21. Rxd4 Rd8 22. Rxd8+ Bxd8 23. Ne5 Bc7 24. Nd3 Bd6 25. e4 Nd7 26. f4 f5 27. Kf3 Nc5 28. Nxc5 Bxc5 29. Ne2 g6 30. Nc1 Bd4 31. Nb3 Bxb2 32. Nc5 Ke7 33. Nxb7 Bd4 34. e5 Kd7 35. g4 Bb6 36. g5 Kc6 37. Nd6 Kd7 38. Nf7 Ke7 39. Nd6 Bc5 40. Nc4 Kd7 41. Ke2 Kc6 42. Kd3 Kd5 43. Na5 Ba3 44. Nb3 Bb4 45. Nd4 Bf8 46. Ne2 Bb4 47. Nd4 Bc5 48. Nc2 Bf8 49. Nd4 Bb4 50. Ne2 Be1 51. Nd4 Bg3 52. Ne2 Bf2 53. Nc3+ Kc5 54. Ne2 Kb4 55. Nd4 Bxd4 56. Kxd4 a5 57. a4 Kxa4 58. Kc5 Kb3 59. Kd6 a4 60. Kxe6 a3 61. Kf7 a2 62. e6 a1Q 63. e7 Qa7 64. Kf8 Qc5 65. Kf7 Qc4+ 66. Kg7 Qc7 67. Kf8 Qxf4 68. e8Q Qxg5 69. Qf7+ Kc2 70. Qxh7 Qd8+ 71. Kg7 Qe7+ 72. Kh6 Qxh7+ 73. Kxh7 f4 0-1

[Event "SVK-chT2C 1516"]
[Site "Slovakia"]
[Date "2016.03.13"]
[Round "11.3"]
[White "Singliar, Anton"]
[Black "Egyed, Andras"]
[Result "1/2-1/2"]
[WhiteElo "2007"]
[BlackElo "2254"]
[PlyCount "45"]
[EventDate "2015.10.17"]
[EventType "team-tourn"]
[EventRounds "11"]
[EventCountry "SVK"]
[SourceTitle "EXT 2017"]
[Source "ChessBase"]
[SourceDate "2016.10.25"]
[SourceVersion "1"]
[SourceVersionDate "2016.10.25"]
[SourceQuality "1"]
[WhiteTeam "Dolny Kubin"]
[BlackTeam "Filakovo"]
[WhiteTeamCountry "SVK"]
[BlackTeamCountry "SVK"]

1. d4 Nf6 2. c4 d6 3. Nc3 e5 4. dxe5 dxe5 5. Qxd8+ Kxd8 6. Bg5 Be7 7. Nf3 Nbd7 8. g3 h6 9. Bxf6 Bxf6 10. 0-0-0 c6 11. Ne4 Ke7 12. Bg2 Nb6 13. b3 a5 14. Nxf6 gxf6 15. Nd2 Bg4 16. Bf3 Bf5 17. h4 Nd7 18. Ne4 Bxe4 19. Bxe4 Nc5 20. Bf5 Rad8 21. Rxd8 Rxd8 22. Kc2 Ne6 23. Bxe6 1/2-1/2

[Event "HUN-chT2 Erkel 1516"]
[Site "Hungary"]
[Date "2016.02.28"]
[Round "8.1"]
[White "Egyed, Andras"]
[Black "Juhasz, Bela"]
[Result "1/2-1/2"]
[WhiteElo "2249"]
[BlackElo "2128"]
[PlyCount "82"]
[EventDate "2015.09.13"]
[EventType "team-tourn"]
[EventRounds "11"]
[EventCountry "HUN"]
[SourceTitle "EXT 2017"]
[Source "ChessBase"]
[SourceDate "2016.10.25"]
[SourceVersion "1"]
[SourceVersionDate "2016.10.25"]
[SourceQuality "1"]
[WhiteTeam "Salgotarjan"]
[BlackTeam "Jaszbereny"]
[WhiteTeamCountry "HUN"]
[BlackTeamCountry "HUN"]

1. d4 Nf6 2. Nc3 d5 3. Bg5 Nbd7 4. Nf3 e6 5. e4 dxe4 6. Nxe4 Be7 7. Nxf6+ Nxf6 8. Bd3 h6 9. Bh4 c5 10. dxc5 Qa5+ 11. c3 Qxc5 12. 0-0 Bd7 13. Qe2 Bc6 14. Ne5 0-0 15. Nxc6 Qxc6 16. Rad1 Rad8 17. Bb1 Rxd1 18. Rxd1 Rd8 19. Rxd8+ Bxd8 20. Qd3 Be7 21. Bc2 Qd5 22. Qxd5 Nxd5 23. Bg3 f5 24. Bb8 a6 25. Kf1 Kf7 26. Ke2 Bg5 27. Kd1 Bf4 28. Bxf4 Nxf4 29. g3 Nd5 30. Kd2 Ke7 31. c4 Nf6 32. h3 Kd6 33. b4 b6 34. a3 g5 35. Ke3 Nd7 36. Bd3 a5 37. g4 axb4 38. axb4 Ke5 39. Be2 Nb8 40. Kd3 Nc6 41. Kc3 Kd6 1/2-1/2

[Event "HUN-chT2 Erkel 1516"]
[Site "Hungary"]
[Date "2015.11.29"]
[Round "5.2"]
[White "Terbe, Zsuzsanna"]
[Black "Egyed, Andras"]
[Result "1/2-1/2"]
[WhiteElo "2134"]
[BlackElo "2249"]
[PlyCount "42"]
[EventDate "2015.09.13"]
[EventType "team-tourn"]
[EventRounds "11"]
[EventCountry "HUN"]
[SourceTitle "CBM 170 Extra"]
[Source "ChessBase"]
[SourceDate "2016.02.25"]
[SourceVersion "1"]
[SourceVersionDate "2016.02.25"]
[SourceQuality "1"]
[WhiteTeam "Budapest MTK II"]
[BlackTeam "Salgotarjan"]
[WhiteTeamCountry "HUN"]
[BlackTeamCountry "HUN"]

1. e4 e6 2. d4 d5 3. Nd2 dxe4 4. Nxe4 Bd7 5. Nf3 Bc6 6. Bd3 Nd7 7. 0-0 Ngf6 8. Ng3 Be7 9. b3 0-0 10. Bb2 Re8 11. c4 Bxf3 12. Qxf3 c6 13. Rad1 Qc7 14. Rfe1 Nf8 15. h4 Rad8 16. Nh5 h6 17. Bb1 a6 18. a4 Qa5 19. Re5 Qc7 20. Ree1 Qa5 21. Re5 Qc7 1/2-1/2

[Event "EU-ch rapid"]
[Site "Wroclaw"]
[Date "2014.12.20"]
[Round "4"]
[White "Egyed, Andras"]
[Black "Raetsky, Alexander"]
[Result "0-1"]
[WhiteElo "2238"]
[BlackElo "2423"]
[PlyCount "118"]
[EventDate "2014.12.20"]
[EventType "swiss (rapid)"]
[EventRounds "11"]
[EventCountry "POL"]
[SourceTitle "CBM 164 Extra"]
[Source "ChessBase"]
[SourceDate "2015.03.02"]
[SourceVersion "1"]
[SourceVersionDate "2015.03.02"]
[SourceQuality "1"]

1. d4 d5 2. Nf3 Nc6 3. Bf4 Bg4 4. Nbd2 e6 5. c3 Bd6 6. e3 a6 7. Bd3 Nf6 8. Qc2 Bxf3 9. Nxf3 b5 10. 0-0 h6 11. a4 b4 12. Bxd6 Qxd6 13. c4 dxc4 14. Bxc4 Na5 15. Rac1 0-0 16. Bd3 Nd5 17. Ne5 Rfc8 18. Nc6 b3 19. Qc5 Nxc6 20. Qxc6 Nb4 21. Qc4 Na2 22. Ra1 Rcb8 23. Bb1 Rb4 24. Qd3 g6 25. Bxa2 bxa2 26. Rxa2 Rab8 27. Qc2 e5 28. dxe5 Qxe5 29. g3 Rxb2 30. Rxb2 Rxb2 31. Qc6 a5 32. Rc1 Qf5 33. Rf1 Rc2 34. Qe8+ Kg7 35. e4 Qc5 36. Qd7 h5 37. h4 Re2 38. Qd3 Rc2 39. Qd7 Rc4 40. Re1 Rc2 41. Rf1 Rc4 42. Re1 Qd4 43. Qe7 Rc2 44. Rf1 Qxa4 45. e5 Qc6 46. Ra1 a4 47. e6 Qxe6 48. Qxe6 fxe6 49. Rxa4 Kf6 50. Kg2 c5 51. Kf3 Rb2 52. Rc4 Rb3+ 53. Ke2 Rb5 54. Kd3 Ke5 55. g4 Kd5 56. Rf4 Rb4 57. Rf6 Rxg4 58. f3 Ke5 59. Rf8 Rxh4 0-1

[Event "HUN-chT2 Erkel 1314"]
[Site "Hungary"]
[Date "2014.03.23"]
[Round "9.2"]
[White "Teglas, Marton"]
[Black "Egyed, Andras"]
[Result "1/2-1/2"]
[WhiteElo "2126"]
[BlackElo "2240"]
[PlyCount "109"]
[EventDate "2013.09.08"]
[EventType "team-tourn"]
[EventRounds "11"]
[EventCountry "HUN"]
[SourceTitle "EXT 2016"]
[Source "ChessBase"]
[SourceDate "2015.10.08"]
[SourceVersion "1"]
[SourceVersionDate "2015.10.08"]
[SourceQuality "1"]
[WhiteTeam "Pestszentlorinc"]
[BlackTeam "Gyongyos Matra"]
[WhiteTeamCountry "HUN"]
[BlackTeamCountry "HUN"]

1. e4 e6 2. d4 d5 3. Nc3 dxe4 4. Nxe4 Bd7 5. Nf3 Bc6 6. Bd3 Nd7 7. c3 Be7 8. Bf4 Ngf6 9. Qc2 Nxe4 10. Bxe4 Bxe4 11. Qxe4 c6 12. 0-0 0-0 13. a4 Qa5 14. Ne5 Nxe5 15. Bxe5 Qd5 16. Qg4 f6 17. Bf4 Rfe8 18. Rfe1 Bf8 19. Re3 c5 20. dxc5 e5 21. Bg3 Bxc5 22. Rd1 Qb3 23. Red3 Bf8 24. Rd7 Re7 25. h4 Rae8 26. h5 Qf7 27. Rxe7 Rxe7 28. Rd8 Re8 29. Qc8 Rxd8 30. Qxd8 Qxh5 31. f3 Qf7 32. Bf2 a6 33. Bc5 g5 34. Qc8 b5 35. axb5 axb5 36. Qb8 Kg7 37. Bxf8+ Qxf8 38. Qb7+ Qf7 39. Qxb5 Qa7+ 40. Kf1 Qe3 41. Qd7+ Kg6 42. Qd1 h5 43. c4 g4 44. Qe2 Qc1+ 45. Kf2 f5 46. Qxe5 Qxc4 47. Qe8+ Kg5 48. Qe7+ Kg6 49. Qd6+ Kg5 50. Qd2+ Kg6 51. Qc3 Qxc3 52. bxc3 f4 53. g3 fxg3+ 54. Kxg3 gxf3 55. Kxf3 1/2-1/2

[Event "HUN-chT2 Erkel 1314"]
[Site "Hungary"]
[Date "2014.03.02"]
[Round "8.4"]
[White "Egyed, Andras"]
[Black "Hevesi, Zoltan"]
[Result "1/2-1/2"]
[WhiteElo "2240"]
[BlackElo "2056"]
[PlyCount "28"]
[EventDate "2013.09.08"]
[EventType "team-tourn"]
[EventRounds "11"]
[EventCountry "HUN"]
[SourceTitle "EXT 2016"]
[Source "ChessBase"]
[SourceDate "2015.10.08"]
[SourceVersion "1"]
[SourceVersionDate "2015.10.08"]
[SourceQuality "1"]
[WhiteTeam "Gyongyos Matra"]
[BlackTeam "Andornaktalya"]
[WhiteTeamCountry "HUN"]
[BlackTeamCountry "HUN"]

1. Nf3 d5 2. c4 c6 3. b3 e6 4. Bb2 f5 5. e3 Nf6 6. Be2 Bd6 7. Ne5 Nbd7 8. f4 Qc7 9. Nxd7 Bxd7 10. cxd5 cxd5 11. 0-0 0-0 12. Na3 Rac8 13. Bd3 Qa5 14. Nc2 Ne4 1/2-1/2

[Event "HUN-chT2 Erkel 1314"]
[Site "Hungary"]
[Date "2014.02.16"]
[Round "7.4"]
[White "Egyed, Andras"]
[Black "Lengyel, Laszlo"]
[Result "1-0"]
[WhiteElo "2240"]
[BlackElo "2061"]
[PlyCount "89"]
[EventDate "2013.09.08"]
[EventType "team-tourn"]
[EventRounds "11"]
[EventCountry "HUN"]
[SourceTitle "EXT 2016"]
[Source "ChessBase"]
[SourceDate "2015.10.08"]
[SourceVersion "1"]
[SourceVersionDate "2015.10.08"]
[SourceQuality "1"]
[WhiteTeam "Gyongyos Matra"]
[BlackTeam "Paszto"]
[WhiteTeamCountry "HUN"]
[BlackTeamCountry "HUN"]

1. d4 g6 2. Nf3 Bg7 3. g3 c5 4. c3 cxd4 5. cxd4 Nc6 6. Bg2 d6 7. h3 Nf6 8. 0-0 0-0 9. Nc3 h6 10. d5 Na5 11. Nd4 Bd7 12. Qd3 Rc8 13. b3 a6 14. Bd2 b5 15. Rac1 Qb6 16. e3 Rc7 17. Nce2 Rfc8 18. Rxc7 Rxc7 19. Rc1 Rxc1+ 20. Nxc1 Qc7 21. Qc3 Qxc3 22. Bxc3 Nb7 23. Nc6 Kf8 24. Nb8 Ke8 25. Nxa6 Kd8 26. Nb4 Kc7 27. g4 Ne8 28. Ne2 Bxc3 29. Nxc3 Kb6 30. Nc2 e5 31. b4 f5 32. gxf5 gxf5 33. f4 Nd8 34. Kf2 Nc7 35. Bf3 Be8 36. Kg3 e4 37. Be2 Bf7 38. Nd4 Nxd5 39. Nxd5+ Bxd5 40. Bxb5 Bxa2 41. Bd7 Kc7 42. Bxf5 Bd5 43. Kg4 Nf7 44. Bg6 Kd7 45. Kh5 1-0

[Event "HUN-chT2 Erkel 1213"]
[Site "Hungary"]
[Date "2013.02.17"]
[Round "7.4"]
[White "Toth, Barnabas"]
[Black "Egyed, Andras"]
[Result "1/2-1/2"]
[WhiteElo "2001"]
[BlackElo "2289"]
[PlyCount "21"]
[EventDate "2012.09.16"]
[EventType "team-tourn"]
[EventRounds "11"]
[EventCountry "HUN"]
[SourceTitle "EXT 2014"]
[Source "ChessBase"]
[SourceDate "2013.11.20"]
[SourceVersion "1"]
[SourceVersionDate "2013.11.20"]
[SourceQuality "1"]
[WhiteTeam "Nagykata"]
[BlackTeam "Matra"]
[WhiteTeamCountry "HUN"]
[BlackTeamCountry "HUN"]

1. e4 c5 2. Nf3 Nc6 3. d4 cxd4 4. Nxd4 e5 5. Nb5 a6 6. N5c3 Bc5 7. Bc4 b5 8. Bxf7+ Kf8 9. Bxg8 Rxg8 10. 0-0 d6 11. Nd5 1/2-1/2

[Event "SVK-chT1E 1213"]
[Site "Slovakia"]
[Date "2013.01.13"]
[Round "6.1"]
[White "Fodor, Tamas Jr"]
[Black "Egyed, Andras"]
[Result "1-0"]
[WhiteElo "2503"]
[BlackElo "2289"]
[PlyCount "57"]
[EventDate "2012.10.20"]
[EventType "team-tourn"]
[EventRounds "11"]
[EventCountry "SVK"]
[SourceTitle "EXT 2015"]
[Source "ChessBase"]
[SourceDate "2014.11.20"]
[SourceVersion "1"]
[SourceVersionDate "2014.11.20"]
[SourceQuality "1"]
[WhiteTeam "Svit"]
[BlackTeam "Filakovo"]
[WhiteTeamCountry "SVK"]
[BlackTeamCountry "SVK"]

1. d4 Nf6 2. c4 d6 3. Nf3 Nc6 4. d5 Ne5 5. Nc3 Nxf3+ 6. exf3 e5 7. Bd3 Be7 8. f4 exf4 9. Bxf4 Bg4 10. Qc2 Bh5 11. 0-0 0-0 12. Rfe1 Bg6 13. Bxg6 hxg6 14. Qb3 Nd7 15. Be3 Rb8 16. Bxa7 Nc5 17. Qb5 Ra8 18. Bxc5 dxc5 19. Re2 b6 20. Qc6 Bf6 21. Nb5 Ra4 22. Nxc7 Rxc4 23. d6 Qb8 24. Rae1 Kh7 25. g3 Rd4 26. Re8 Rxe8 27. Rxe8 Bd8 28. Nb5 Rd1+ 29. Kg2 1-0